书目信息 |
| 题名: |
地学史话
|
|
| 作者: | 岛村福太郎 编著 ;李永连 , 张友栋 , 李秀英 译 | |
| 分册: | ||
| 出版信息: | 石家庄 河北人民出版社 1985 |
|
| 页数: | 253页 | |
| 开本: | 19cm | |
| 丛书名: | 科学史丛书 | |
| 单 册: | ||
| 中图分类: | P-09 | |
| 科图分类: | ||
| 主题词: | 地球科学-自然科学史 , 自然科学史-地球科学 | |
| 电子资源: | ||
| ISBN: | ||
| 000 | 00932nam2 2200325 45 | |
| 001 | 0185009714 | |
| 005 | 20040520170639.2 | |
| 010 | @dCNY1.15 | |
| 091 | @a12086.11 | |
| 100 | @a19900904d1985 emky0chiy0121 ea | |
| 101 | 1 | @achi@cjpn |
| 102 | @aCN@b130000 | |
| 105 | @af z 001yd | |
| 106 | @ar | |
| 200 | 10 | @a地学史话@Adi xue shi hua@f(日)岛村福太郎编著@g李永连等译 |
| 210 | @a石家庄@c河北人民出版社@d1985 | |
| 215 | @a253页@c图@d19cm | |
| 225 | 2 | @a科学史丛书@v4 |
| 300 | @a附: 地学年表与人名索引 | |
| 410 | 0 | @120010@a科学史丛书 |
| 606 | @a地球科学-自然科学史 | |
| 606 | @a自然科学史-地球科学 | |
| 690 | @aP-09@v3 | |
| 701 | 0 | @a岛村福太郎@Adao cun fu tai lang@4编著 |
| 702 | 0 | @a李永连@Ali yong lian@4译 |
| 702 | 0 | @a张友栋@Azhang you dong@4译 |
| 702 | 0 | @a李秀英@Ali xiu ying@4译 |
| 801 | 0 | @aCN@b深圳图书馆@c20040520 |
| 801 | 2 | @aCN@bNLC@c20040520 |
| 905 | @f1@b132064@dP-09@e6@b132065-067@f3 | |
| 地学史话/(日)岛村福太郎编著/李永连等译.-石家庄:河北人民出版社,1985 |
| 253页:图;19cm.-(科学史丛书;4) |
| 附: 地学年表与人名索引 |
| ISBN :CNY1.15 |
| ● |
| 相关链接 |
|
|
|
|
正题名:地学史话
索取号:P-09/6
 
预约/预借
| 序号 | 登录号 | 条形码 | 馆藏地/架位号 | 状态 | 备注 |
| 1 | 0132064 | 000627726 | 第三借阅区/ [索取号:P-09/6] | 在馆 | |
| 2 | 0132065 | 000627735 | 第三借阅区/ [索取号:P-09/6] | 在馆 | |
| 3 | 0132066 | 000627717 | 第三借阅区/ [索取号:P-09/6] | 在馆 | |
| 4 | 0132067 | 000627744 | 第三借阅区/ [索取号:P-09/6] | 在馆 | |
| 5 | 0132068 | 202101153 | 第二样本阅览室/ [索取号:P-09/6] | 在馆 |